000 01734nam0a2200397 4500
001 RU\NLR\bibl\91514
005 20250617075742.0
010 _a5-7477-0174-6
_93350
020 _aRU
_b98-35301
_9Книжная летопись
021 _aRU
_b98-28537
_91361
035 _a(NLR Aleph) 000089441
090 _a501308
_c501308
100 _a20000410d1997 |||y0rusy50 ca
101 0 _arus
102 _aRU
105 _aa |||||||||
200 1 _aСовременная инвестиционная политика
_eУчеб. пособие
_fГ. Л. Фадеева, М. Х. Ишмияров, Т. Х. Кузбеков
_gБашк. гос. ун-т
210 _aУфа
_cБГУ
_d1997
215 _a74,[2] с.
_d22
320 _aБиблиогр.: с. 73-74 (18 назв.)
606 0 _aИнвестиционная деятельность
_jРуководства, пособия и т.п.
_yРоссийская Федерация
_92144512
_3RU\NLR\auth\661292149
606 0 _aИнвестиционная деятельность
_jУчебные издания
_yРоссийская Федерация
_92144512
_3RU\NLR\auth\661292149
610 0 _aКапитальные вложения - Управление
675 _a338.23:330.322(075.8)
_v3
_zrus
686 _a06.75
_2rugasnti
686 _a65.9(2)
_2rubbk
686 _aУ9(2)-56я7
700 1 _aФадеева
_gГалина Леонидовна
_4070
701 1 _aИшмияров
_gМарат Хафизович
_4070
701 1 _aКузбеков
_gТалгат Хашимович
_4070
801 0 _aRU
_bRKP
_c20000410
_gPSBO
801 1 _aRU
_bRKP
_c20000410
801 2 _aRU
_bNLR
_c20021104
_grcr
852 _aNLR
_j98-4/13309
942 _cBOOK
980 _aNB